书目信息 |
| 题名: |
小说36计
|
|
| 作者: | 王顺镇 , 王朝霞 著 | |
| 分册: | 第29计 树上开花:魏忠贤的梦幻王国 | |
| 出版信息: | 珠海 珠海出版社 2001.02 |
|
| 页数: | 340页 | |
| 开本: | 20cm | |
| 丛书名: | ||
| 单 册: | ||
| 中图分类: | I247.83 | |
| 科图分类: | ||
| 主题词: | 小说--中国 | |
| 电子资源: | ||
| ISBN: | 7-80607-746-4 | |
| 000 | 00694nam0 2200205 450 | |
| 001 | 0754972079 | |
| 005 | 20070327163451.78 | |
| 010 | @a7-80607-746-4@dCNY22.00 | |
| 100 | @a20070327d2001 km y0chiy0120 ea | |
| 101 | 0 | @achi |
| 200 | 1 | @a小说36计@Axiao shuo 36 ji@h第29计@i树上开花:魏忠贤的梦幻王国@f王顺镇,王朝霞著@Fwang shun zhen,wang zhao xia zhu |
| 210 | @a珠海@c珠海出版社@d2001.02 | |
| 215 | @a340页@d20cm | |
| 517 | 1 | @a树上开花:魏忠贤的梦幻王国@Ashu shang kai hua:wei zhong xian de meng huan wang guo |
| 606 | 0 | @a小说@x中国 |
| 690 | @aI247.83@v3 | |
| 701 | 0 | @a王顺镇@Awang shun zhen@4著 |
| 701 | 0 | @a王朝霞@Awang zhao xia@4著 |
| 801 | 0 | @aCN@c20070327 |
| 905 | @a10447@dI247.83@eW3593 | |
| 小说36计.第29计.树上开花:魏忠贤的梦幻王国/王顺镇,王朝霞著.-珠海:珠海出版社,2001.02 |
| 340页;20cm |
| ISBN 7-80607-746-4:CNY22.00 |
| ● |
| 相关链接 |
|
|
|
正题名:小说36计
索取号:I247.83/W3593
 
预约/预借
| 序号 | 登录号 | 条形码 | 馆藏地/架位号 | 状态 | 备注 |
| 1 | 447659 | 204476593 | 文学库108/400B社科库 24排4列1层/ [索取号:I247.83/W3593] | 在馆 |